Dodatki do jajecznicy - Statystyki

Ogólne statystyki
  • Ten quiz został rozwiązany 75 razy
  • Średni wynik to 8 z 23
Statystyki odpowiedzi
Dodatki % Poprawnych
Pomidor
86%
Boczek
84%
Szczypiorek
84%
Cebula
76%
Szynka
69%
Kiełbasa/parówka
63%
Papryka
61%
Grzyby
50%
Czosnek
30%
Szpinak
26%
Cukinia
23%
Ketchup
23%
Śmietana
20%
Ser zółty
16%
Awokado
14%
Brokuł
9%
Groszek
9%
Łosoś
9%
Szparagi
9%
Ser feta
7%
Tuńczyk
4%
Chorizo
1%
Pora
1%
Nie znaleziono quizów pasujących do podanych kryteriów
Rozkład punktacji
Procent ludzi z każdym wynikiem
Percentyl według liczby udzielonych odpowiedzi
Twoja historia wyników
Nie rozwiązałeś tego quizu